000 00556nam a2200181Ia 4500
005 20250326141835.0
008 250326s9999 xx 000 0 und d
037 _aTextbook
040 _aFMSL
_beng
_cFMSL
041 _aeng
_2eng
084 _aX:5.1N86 M7
_qFMSL
100 _aGATT
245 0 _aBasic instruments and selected document : Thirty-third supplements 1985-86 Forty second session
_cGATT
260 _aGeneva
_bGeneva, Contracting Parties
_c1987
300 _a321p
942 _cTB
_hX:5.1N86 M7
999 _c1292226
_d1292226